| 000 | 00401nam a2200145Ia 4500 | ||
|---|---|---|---|
| 008 | 151213s9999 xx 000 0 und d | ||
| 100 | _aC. Gopal | ||
| 245 |
_aIntegrate Distributing Management : Competing on Customer Servicing & Cost _cC. Gopal |
||
| 260 |
_aLondon _bIrwin _c1993 |
||
| 300 | _a2649 p. | ||
| 650 | _aMarketing | ||
| 650 | _aMarketing Management | ||
| 700 | _aC. Gopal | ||
| 999 |
_c1761 _d1761 |
||